Towards critical dialogue in religious education : a collection of conference papers and case studies which raise issues for religious education in Australian schools /

Saved in:
Bibliographic Details
Corporate Author: Australian Association for Religious Education
Other Authors: Rossiter, Graham M., Elliott, Ray H.
Format: Book
Language:English
Published: Sydney : Australian Association for Religious Education, 1982.
Subjects:
LEADER 01494cam a2200337 a 4500
001 c000282853
003 CARM
005 20080613132554.0
008 820825s1982 at b 100 0 eng d
019 1 |a 2291476  |z 26963034  |5 LACONCORD2021 
020 |a 0959305505 :  |c $9.00 Aust 
035 |a (OCoLC)27629583  |5 LACONCORD2021 
040 |a ANB  |b eng  |c ANB  |d SUSA 
042 |a anuc 
043 |a u-at--- 
082 0 4 |a 377/.0994 
245 0 0 |a Towards critical dialogue in religious education :  |b a collection of conference papers and case studies which raise issues for religious education in Australian schools /  |c edited by Ray H. Elliott and Graham M. Rossiter. 
246 3 |a Towards critical dialogue in religious education 
246 1 8 |a Towards critical dialogue in rel. educ. 
260 |a Sydney :  |b Australian Association for Religious Education,  |c 1982. 
300 |a vi, 171 p. ;  |c 29 cm. 
500 |a Schools. Religious education. Australia. For teaching (ANB/PRECIS SIN 0610135) 
504 |a Includes bibliographical references. 
505 1 |a Articles -- Case Studies. 
650 0 |a Religious education  |z Australia. 
700 1 |a Rossiter, Graham M. 
700 1 |a Elliott, Ray H. 
710 2 |a Australian Association for Religious Education. 
852 8 |b CARM  |h A2:AG32D0  |i F04129  |p 0510960  |f BK 
999 f f |i 916e6a02-67a7-5ba3-a0a1-84e68a43c594  |s 1925a0e7-b6c5-5f07-9a35-3b84606057e0 
952 f f |p Can circulate  |a CAVAL  |b CAVAL  |c CAVAL  |d CARM 1 Store  |e F04129  |f A2:AG32D0  |h Other scheme  |i book  |m 0510960